Countries of the World, by famous place name - Statistics

General Stats
  • This quiz has been taken 29 times
  • The average score is 60 of 197
Answer Stats
Famous place Answers % Correct
Mount Cameroon Cameroon
88%
Great Wall of China China
88%
Colosseum Italy
88%
Belgrade Fortress Serbia
88%
Christ the Redeemer Brazil
83%
Old Havana Cuba
83%
Pyramids of Giza Egypt
83%
Eiffel Tower France
83%
Acropolis of Athens Greece
83%
Monte Carlo Monaco
83%
Mount Everest Nepal
83%
Machu Picchu Peru
83%
Big Ben United Kingdom
83%
Statue of Liberty United States
83%
Algiers Casbah Algeria
79%
Neuschwanstein Castle Germany
79%
Panama Canal Panama
79%
Bratislava Castle Slovakia
79%
Mount Kilimanjaro Tanzania
79%
Sydney Opera House Australia
75%
Bahrain Fort Bahrain
75%
Mount Fuji Japan
75%
Kuwait Towers Kuwait
75%
Vaduz Castle Liechtenstein
75%
Taipei 101 Taiwan
75%
Burj Khalifa United Arab Emirates
75%
Angkor Wat Cambodia
71%
Dubrovnik Old Town Croatia
71%
Galápagos Islands Ecuador
71%
Tallinn Old Town Estonia
71%
Tbilisi Old Town Georgia
71%
Taj Mahal India
71%
Riga Old Town Latvia
71%
Lake Malawi Malawi
71%
Valletta Malta
71%
Gobi Desert Mongolia
71%
Matterhorn Switzerland
71%
Petra Jordan
67%
Geirangerfjord Norway
67%
Saint Basil's Cathedral Russia
67%
Central Suriname Nature Reserve Suriname
67%
St. Peter's Basilica Vatican City
67%
Schönbrunn Palace Austria
63%
Banff National Park Canada
63%
Chichen Itza Mexico
63%
Sagrada Familia Spain
63%
Carthage Tunisia
63%
Hagia Sophia Turkey
63%
Petronas Towers Malaysia
58%
Marrakech Medina Morocco
58%
Table Mountain South Africa
58%
Ha Long Bay Vietnam
58%
Charles Bridge Czech Republic
54%
Persepolis Iran
54%
Malé Atoll Maldives
54%
Bikini Atoll Marshall Islands
54%
Angel Falls Venezuela
54%
Timbuktu Mali
50%
Victoria Falls Zambia
50%
Funafuti Tuvalu
46%
Kiev Pechersk Lavra Ukraine
46%
Victoria Falls Zimbabwe
46%
Iguazu Falls Argentina
42%
Great Blue Hole Belize
42%
Cartagena Old Town Colombia
42%
Punta Cana Dominican Republic
42%
Erbil Citadel Iraq
42%
Wawel Castle Poland
42%
Bran Castle Romania
42%
Lake Bled Slovenia
42%
Asmara Eritrea
38%
Cliffs of Moher Ireland
38%
Maasai Mara Kenya
38%
Luang Prabang Laos
38%
Sultan Qaboos Grand Mosque Oman
38%
Socotra Yemen
38%
Buda Castle Hungary
33%
Avenue of the Baobabs Madagascar
33%
Bay of Kotor Montenegro
33%
Milford Sound New Zealand
33%
Nyhavn Denmark
29%
Suomenlinna Finland
29%
Blue Lagoon Iceland
29%
Kiritimati Kiribati
29%
Vasa Museum Sweden
29%
Ha'amonga 'a Maui Tonga
29%
Tiger's Nest Monastery Bhutan
25%
Okavango Delta Botswana
25%
Keukenhof Gardens Netherlands
25%
Church of the Nativity Palestine
25%
Meroe Pyramids Sudan
25%
Mir Castle Belarus
21%
Salar de Uyuni Bolivia
21%
Tikal Guatemala
21%
Gyeongbokgung Palace Korea, South
21%
Prizren Kosovo
21%
Issyk-Kul Lake Kyrgyzstan
21%
Leptis Magna Libya
21%
Vianden Castle Luxembourg
21%
Monday Falls Paraguay
21%
Pico Cao Grande Sao Tome and Principe
21%
Atlantis Paradise Island The Bahamas
21%
Darvaza Gas Crater Turkmenistan
21%
Punta del Este Uruguay
21%
Stari Most Bosnia and Herzegovina
17%
Bioko Island Equatorial Guinea
17%
Ohrid North Macedonia
17%
Belem Tower Portugal
17%
Sigiriya Sri Lanka
17%
Berat Albania
13%
Flame Towers Azerbaijan
13%
Grand Place Belgium
13%
Sultan Omar Ali Saifuddien Mosque Brunei
13%
Rila Monastery Bulgaria
13%
Torres del Paine Chile
13%
Arenal Volcano Costa Rica
13%
Mlilwane Wildlife Sanctuary Eswatini
13%
Kaieteur Falls Guyana
13%
Copán Ruins Honduras
13%
Masada Israel
13%
Juche Tower Korea, North
13%
Trakai Island Castle Lithuania
13%
Pitons Saint Lucia
13%
Marina Bay Sands Singapore
13%
Palmyra Syria
13%
Geghard Monastery Armenia
8%
Citadelle Laferrière Haiti
8%
Borobudur Indonesia
8%
Agadez Niger
8%
Zuma Rock Nigeria
8%
Museum of Islamic Art Qatar
8%
Pamir Mountains Tajikistan
8%
Bwindi Impenetrable Forest Uganda
8%
Band-E amir Afghanistan
4%
Nelson's Dockyard Antigua and Barbuda
4%
Sundarbans Bangladesh
4%
Kibira National Park Burundi
4%
Fogo Island Cabo Verde
4%
Petra tou Romiou Cyprus
4%
Lake Assal Djibouti
4%
Grand Anse Beach Grenada
4%
Mount Nimba Guinea
4%
Bayterek Tower Kazakhstan
4%
Baalbek Lebanon
4%
Le Morne Brabant Mauritius
4%
Orheiul Vechi Moldova
4%
Sossusvlei Namibia
4%
Badshahi Mosque Pakistan
4%
Kokoda Track Papua New Guinea
4%
Banaue Rice Terraces Philippines
4%
Volcanoes National Park Rwanda
4%
Brimstone Hill Fortress Saint Kitts and Nevis
4%
Tobago Cays Saint Vincent and the Grenadines
4%
To Sua Ocean Trench Samoa
4%
Anse Source d'Argent Seychelles
4%
Banana Islands Sierra Leone
4%
Registan Uzbekistan
4%
Vallnord Andorra
0%
Kissama National Park Angola
0%
Harrison's Cave Barbados
0%
Pendjari National Park Benin
0%
Laongo Sculpture Symposium Burkina Faso
0%
Dzanga-Sangha Reserve Central African Republic
0%
Zakouma National Park Chad
0%
Mount Karthala Comoros
0%
Virunga National Park Congo, Democratic Republic of the
0%
Nouabalé-Ndoki National Park Congo, Republic of the
0%
Comoe National Park Côte d’Ivoire
0%
Boiling Lake Dominica
0%
Atauro Island East Timor (Timor-Leste)
0%
Joya de Cerén El Salvador
0%
Lalibela Ethiopia
0%
Mamanuca Islands Fiji
0%
Loango National Park Gabon
0%
Cape Coast Castle Ghana
0%
Bissagos Islands Guinea-Bissau
0%
Dunn's River Falls Jamaica
0%
Maletsunyane Falls Lesotho
0%
Sapo National Park Liberia
0%
Chinguetti Mauritania
0%
Nan Madol Micronesia, Federated States of
0%
Bazaruto Archipelago Mozambique
0%
Bagan Myanmar (Burma)
0%
Anibare Bay Nauru
0%
Granada Nicaragua
0%
Rock Islands Palau
0%
Guaita Tower San Marino
0%
Masmak Fortress Saudi Arabia
0%
Goree Island Senegal
0%
Rennell Island Solomon Islands
0%
Laas Geel Somalia
0%
Boma National Park South Sudan
0%
Grand Palace Thailand
0%
Kunta Kinteh Island The Gambia
0%
Koutammakou Togo
0%
Maracas Bay Trinidad and Tobago
0%
Mount Yasur Vanuatu
0%
No matching quizzes found
Score Distribution
Percent of People with Each Score
Percentile by Number Answered
Your Score History
You have not taken this quiz